[Event "AUT-ch U08 Girls"]
[Site "St Kanzian"]
[Date "2019.06.23"]
[Round "7"]
[White "Schwarz, Johanna"]
[Black "Huber, Valentina"]
[Result "0-1"]
[WhiteElo "800"]
[BlackElo "800"]
[PlyCount "60"]
[EventDate "2019.06.21"]
[EventType "swiss"]
[EventRounds "7"]
[EventCountry "AUT"]
[SourceTitle "CBM 191 Extra"]
[Source "ChessBase"]
[SourceDate "2019.09.30"]
[SourceVersion "1"]
[SourceVersionDate "2019.09.30"]
[SourceQuality "1"]

1. e4 g6 2. d4 c6 3. Nf3 d5 4. Nc3 dxe4 5. Nxe4 Bg7 6. Bc4 Nf6 7. Ng3 0-0 8. 0-0 Bg4 9. h3 Bxf3 10. gxf3 Nbd7 11. Bg5 h6 12. Bxf6 Nxf6 13. f4 Qd6 14. f5 gxf5 15. Nxf5 Qb4 16. Nxg7 Qxc4 17. Kh1 Kxg7 18. Rg1+ Kh7 19. Rg2 Qe6 20. Qf3 Rad8 21. Qg3 Rg8 22. Qf3 Rxd4 23. Rd1 Rxd1+ 24. Qxd1 Qxh3+ 25. Rh2 Ng4 26. Qg1 Qf3+ 27. Rg2 Qh3+ 28. Rh2 Nxh2 29. Qxh2 Qf3+ 30. Qg2 Qxg2# 0-1